Derecho humano a vivir en familia : (Registro nro. 5882)
[ vista simple ]
| 000 -LEADER | |
|---|---|
| fixed length control field | 01184nab a22002057a 4500 |
| 003 - CONTROL NUMBER IDENTIFIER | |
| control field | OSt |
| 005 - DATE AND TIME OF LATEST TRANSACTION | |
| control field | 20260109023805.0 |
| 008 - FIXED-LENGTH DATA ELEMENTS--GENERAL INFORMATION | |
| fixed length control field | 190514b xxu||||| |||| 00| 0 spa d |
| 040 ## - CATALOGING SOURCE | |
| Transcribing agency | PJ |
| 100 ## - MAIN ENTRY--PERSONAL NAME | |
| 9 (RLIN) | 6765 |
| Personal name | Pérez Castelli, Ayelén |
| 245 13 - TITLE STATEMENT | |
| Title | Derecho humano a vivir en familia : |
| Remainder of title | guardas de hecho y situaciones irregulares / |
| Statement of responsibility, etc | Ayelén Pérez Castelli. |
| 300 ## - PHYSICAL DESCRIPTION | |
| Extent | p. 126-137 |
| 505 ## - FORMATTED CONTENTS NOTE | |
| Formatted contents note | Sumario: I. Introducción.— II. Contexto normativo vigente: enfoque de derechos humanos.— III. Vulnerabilidad(es) y vulneraciones desde una perspectiva interseccional: herramientas para el análisis.— IV. Poner en crisis algunas respuestas<br/>actuales del Sistema de Promoción y Protección Integral de Derechos de Niños, Niñas y Adolescentes: guardas de hecho y situaciones irregulares.— V. Reflexiones finales. |
| 505 ## - FORMATTED CONTENTS NOTE | |
| Title | Si te interesa el texto, comunicate a koha@justierradelfuego.gov.ar |
| 650 #0 - SUBJECT ADDED ENTRY--TOPICAL TERM | |
| 9 (RLIN) | 967 |
| Topical term or geographic name as entry element | DERECHO DE FAMILIA |
| 650 #0 - SUBJECT ADDED ENTRY--TOPICAL TERM | |
| 9 (RLIN) | 614 |
| Topical term or geographic name as entry element | DERECHOS HUMANOS |
| 650 #0 - SUBJECT ADDED ENTRY--TOPICAL TERM | |
| 9 (RLIN) | 2741 |
| Topical term or geographic name as entry element | DERECHOS DE LAS NIÑAS, NIÑOS Y ADOLESCENTES |
| 773 0# - HOST ITEM ENTRY | |
| Host Biblionumber | 2844 |
| Host Itemnumber | 3222 |
| Place, publisher, and date of publication | Buenos Aires : AbeledoPerrot, 1989- |
| Title | Derecho de familia. N° 121 - Septiembre 2025 |
| International Standard Book Number | 18511201 |
| 942 ## - ADDED ENTRY ELEMENTS (KOHA) | |
| Source of classification or shelving scheme | |
| Koha item type | Analítica Artículo de Revista |
No hay ítems disponibles.
